| 000 | 00627nam a22002297a 4500 | ||
|---|---|---|---|
| 001 | 00028728 | ||
| 005 | 20260408091446.0 | ||
| 008 | 260408b ag ||||| |||| 00| 0 spa d | ||
| 020 | _a8478386076 | ||
| 040 |
_aAR-CcCEOS _bspa _cAR-CcCEOS |
||
| 041 | _aspa | ||
| 080 | _a7.03 | ||
| 090 | _bCLA v.5 | ||
| 100 | 1 |
_aClaudio Cifuentes, Juan, _d1941-2015 _91031 |
|
| 245 |
_aEl gran jazz : _bdel hard-bop al jazz modal / _cJuan Claudio Cifuentes |
||
| 264 |
_aMadrid : _bdel Prado, _cc1996. |
||
| 300 |
_a168 p. ; _c30x21 cm. |
||
| 490 | _vVolumen V | ||
| 650 | 0 |
_ahistoria _990 |
|
| 655 | 0 |
_aarte _9138 |
|
| 942 |
_2udc _cBK _n0 |
||
| 999 |
_c28763 _d28763 |
||